1672 1752 1979 1188 1598 1817 1276 1908 1761 1194 1489 1023 1039 1926 1987 1315 1490 1116 1762 1282 1979 1370 1871 1311 1625 1844 1955 1863 1584 1382 1118 1228 1763 1077 1649 1884 1458 1882 1532 1961 1699 1272 1672 1648 1923 1825 1727 1650 1397 1014 1086 1674 1152 1874 1749 1841 1639 1101 1247 1566 1779 1211 1444 1995 1588 1888 1908 1219 1116 1743 1928 1313 1697 1878 1163 1114 1836 1447 1186 1121 1451 1448 1571 1418 1760 1552 1745 1254 1280 1387 1577 1384 1827 1693 1272 1786 1824 1081 1901 BCNSPRNW ULIB Ver.6.0+V

เปลี่ยนเป็นภาษาไทย

Change to English
 แสดงรายละเอียดบรรณานุกรม
  กลับหน้าหลัก

Brief Record : Get Marc (ISO 2709) : E-mail record : QR code < ปิดหน้าต่าง
LEADER : 00000nam 2200000uu 4500
001    13399127367
003     ULIB
008    200513s2020||||th 000 0 tha d
020    ^a9780323556293
060 04 ^aWY157.3^bM425
245 00 ^aMaternity and women s health care /^c[edited by] DeitraLeonard Lowdermilk, Shannon E. Perry, Kitty Cashion,Kathryn Rhodes Alden, Ellen F. Olshansky
250    ^a12th ed.
260    ^aSt. Louis, MO :^bElsevier,^c2020
300    ^axxiv, 973 pages :^bcolor illustrations ;^c28 cm.
500    ^aPreceded by Maternity & women s health care / [edited by]Deitra Leonard Lowdermilk [and others]. 11th ed. c2016
504    ^aIncludes bibliographical references and index
650  2 ^aMaternal-Child Nursing
650  2 ^aGenital Diseases, Female^xnursing
650  2 ^aNeonatal Nursing^xmethods
650  2 ^aObstetric Nursing^xmethods
650  2 ^aPregnancy Complications^xnursing
650  2 ^a Women s Health
700 1  ^aLowdermilk, Deitra Leonard,^eed.
700 1  ^aPerry, Shannon E.,^eed.
700 1  ^aCashion, Kitty.,^eed.
700 1  ^aAlden, Kathryn Rhodes,^eed.
700 1  ^aOlshansky, Ellen Frances,^eed.
945    ^p3553^l0^i007041
999    ^aอังศุธร กาญจนาโรจน์พันธ์
รายการนี้ยังไม่มีแท็ก
คุณยังไม่ได้ล็อกอิน คุณสามารถมีกิจกรรมร่วมกับเว็บไซต์ได้ แต่ต้องล็อกอินก่อน ::
  ล็อกอิน

รายการสื่อสารสนเทศ

ลำดับที่ ประเภท เลขเรียก/บาร์โค้ด สถานที่ สถานะ
1. Book การพยาบาล
หนังสือสำรอง
สถานะ=หนังสือสำรอง
WY157.3 M425 ฉ.1 
  Barcode: 007041
ห้องสมุดวิทยาเขตสวรรค์ประชารักษ์
►หนังสือทั่วไป
บนชั้น

รายการใกล้เคียง
    หัวเรื่อง [Maternal-Child Nursing]
    หัวเรื่อง [Obstetric Nursing methods]
    หัวเรื่อง [Pregnancy Complications nursing]
    หัวเรื่อง [Women s Health]

BibComment


ยังไม่เคยถูกคอมเมนท์

คอมเมนท์ทรัพยากรรายการนี้
  คอมเมนท์: Maternity and wo..


 Copyright 2026. Bcnsprnw @Library